Island universes-structure and evolution of disk galaxies (Record no. 17036)

MARC details
000 -LEADER
fixed length control field 00854nam a2200217Ia 4500
003 - CONTROL NUMBER IDENTIFIER
control field IN-BaIIA
008 - FIXED-LENGTH DATA ELEMENTS--GENERAL INFORMATION
fixed length control field 211028s9999 xx 000 0 eng d
020 ## - INTERNATIONAL STANDARD BOOK NUMBER
International Standard Book Number 978-1-4020-5572-0
040 ## - CATALOGING SOURCE
Transcribing agency IIA Library
080 ## - UNIVERSAL DECIMAL CLASSIFICATION NUMBER
Universal Decimal Classification number 524.6(082.1)
Item number ISL
111 ## - MAIN ENTRY--MEETING NAME
Meeting name or jurisdiction name as entry element Conference on Island Universes
Location of meeting Netherlands
Date of meeting or treaty signing 2005 July 3 -8
9 (RLIN) 32021
245 #0 - TITLE STATEMENT
Title Island universes-structure and evolution of disk galaxies
Remainder of title proceedings of the conference held in Terschelling, Netherlands, 3 -8 July 2005
Statement of responsibility, etc. edited by R. S. De Jong
260 ## - PUBLICATION, DISTRIBUTION, ETC.
Place of publication, distribution, etc. Dordrecht
Name of publisher, distributor, etc. Springer
Date of publication, distribution, etc. 2007
300 ## - PHYSICAL DESCRIPTION
Extent xxiii, 581p.
490 ## - SERIES STATEMENT
Series statement Astrophysics and space science proceedings; v. 3
650 ## - SUBJECT ADDED ENTRY--TOPICAL TERM
Topical term or geographic name entry element Disks(Astrophysics)
9 (RLIN) 32022
650 ## - SUBJECT ADDED ENTRY--TOPICAL TERM
Topical term or geographic name entry element Galactic dynamics
9 (RLIN) 1517
650 ## - SUBJECT ADDED ENTRY--TOPICAL TERM
Topical term or geographic name entry element Galaxies - Evolution
9 (RLIN) 10343
700 ## - ADDED ENTRY--PERSONAL NAME
Personal name De Jong, R. S., ed.
9 (RLIN) 32023
942 ## - ADDED ENTRY ELEMENTS (KOHA)
Koha item type Books
Holdings
Withdrawn status Lost status Damaged status Not for loan Home library Current library Shelving location Date acquired Source of acquisition Cost, normal purchase price Total Checkouts Full call number Barcode Date last seen Cost, replacement price Price effective from Koha item type Purchase Price
        IIA Library-Bangalore IIA Library-Bangalore General Stacks 27/08/2008 VIS 8929.00   524.6(082.1)/ ISL 17958 05/11/2021 8929.00 27/08/2008 Books Rs. 8929.00

Powered by Koha